| 000 | 01100cad a22002655a 4500 | ||
|---|---|---|---|
| 001 | L155791 | ||
| 008 | 120416e20120217xxkd f s 000 0 eng d | ||
| 035 | _a(Sirsi) u155791 | ||
| 041 | 0 | _aeng | |
| 110 | 2 |
_aRoyal Institution of Chartered Surveyors _bEconomics _95033 |
|
| 245 | 0 | 0 |
_aRICS global real estate weekly _b13 April 2012 _h[electronic resource] |
| 260 |
_aLondon _bRICS _c2012 |
||
| 490 | 0 |
_aRICS Global Real Estate Weekly _v13 April 2012 |
|
| 520 | _aEuro area construction sector outlook remains negative. Hong Kong house prices likely to remain flat despite recent pick-up in activity. US housing market recovery slowly gaining traction. Japanese demand for loans remains muted. | ||
| 590 | _aKA | ||
| 650 | 2 | 4 | _aRICS GLOBAL REAL ESTATE WEEKLY |
| 651 | 4 | _aJapan | |
| 651 | 4 | _aEurope | |
| 651 | 4 | _aHong Kong | |
| 651 | 4 | _aUnited States | |
| 690 |
_aConstruction management _96230 |
||
| 690 |
_aResidential property _96266 |
||
| 856 | 4 | 0 |
_uhttps://www.rics.org/site/download_feed.aspx?fileID=11780&fileExtension=PDF _zView the report free of charge at www.rics.org |
| 942 | _n0 | ||
| 999 |
_c113826 _d113826 |
||